2020-21 Premier League Map Quiz - Statistics

General Stats
  • This quiz has been taken 334 times
  • The average score is 10 of 18
Answers on the Map
Answers color-coded by a green-red scale on the quiz's map according to % correct below.
 
Answer Stats
Answer % Correct
Liverpoon, Everton
81%
Newcastle United
81%
Manchester City, Manchester United
80%
Arsenal
75%
Brighton & Hove Albion
73%
Southampton
68%
Crystal Palace
57%
Leicester City
57%
Chelsea
56%
Aston Villa
51%
Fulham
51%
Leeds United
51%
West Ham United
51%
Tottenham Hotspur
50%
Sheffield United
48%
Burnley
40%
Wolverhampton Wanderers
30%
West Bromwich Albion
27%
No matching quizzes found
Score Distribution
Percent of People with Each Score
Percentile by Number Answered
Your Score History
You have not taken this quiz